[Event "41st POL-ch"]
[Site "Poznan POL"]
[Date "1984.02.??"]
[Round "5"]
[White "Staniszewski, Piotr"]
[Black "Sznapik, Aleksander"]
[Result "0-1"]
[WhiteElo "2405"]
[BlackElo "2460"]
[EventDate "1984.02.12"]
[PlyCount "80"]

1.d4 Nf6 2.c4 g6 3.Nc3 Bg7 4.Nf3 O-O 5.Bg5 h6 6.Bh4 c5 7.e3 cxd4 8.Nxd4 
Nc6 9.Be2 d5 10.O-O Nxd4 11.exd4 Be6 12.Qb3 dxc4 13.Bxc4 Qxd4 14.Bxf6 Qxc4
15.Qxc4 Bxc4 16.Bxe7 Rfe8 17.Rfe1 b5 18.a4 Be6 19.Bd6 bxa4 20.Rxa4 a5 21.
h3 Bd7 22.Rxe8+ Bxe8 23.Rc4 Bd7 24.Ba3 Be6 25.Rc6 a4 26.Rb6 Bb3 27.Rb4 g5 
28.h4 Re8 29.hxg5 Re1+ 30.Kh2 hxg5 31.Rb8+ Kh7 32.Bd6 Re6 33.Bg3 f5 34.f4 
g4 35.Bf2 Rd6 36.Ra8 Rd2 37.Kg1 g3 38.Bxg3 Rxb2 39.Nxa4 Ra2 40.Ra5 Bc2 0-1

[Event "41st POL-ch"]
[Site "Poznan POL"]
[Date "1984.02.??"]
[Round "5"]
[White "Balicki, Cezary"]
[Black "Bany, Jerzy"]
[Result "1-0"]
[WhiteElo "2230"]
[BlackElo "2430"]
[EventDate "1984.02.12"]
[PlyCount "43"]

1.d4 d5 2.Nf3 Nf6 3.c4 c6 4.Nc3 a6 5.cxd5 cxd5 6.Bf4 Nc6 7.e3 Bg4 8.Qb3 
Na5 9.Qa4+ b5 10.Bxb5+ axb5 11.Nxb5 Bd7 12.Ne5 Ra7 13.Rc1 Bxb5 14.Qxb5+ 
Nd7 15.Nxd7 Rxd7 16.Bc7 Qc8 17.Qxa5 e6 18.O-O Bb4 19.Qb5 Bd2 20.Rc5 Bb4 
21.Rc6 Qa8 22.Rb6 1-0

[Event "41st POL-ch"]
[Site "Poznan POL"]
[Date "1984.02.??"]
[Round "5"]
[White "Pokojowczyk, Jerzy"]
[Black "Sydor, Andrzej"]
[Result "1-0"]
[WhiteElo "2370"]
[BlackElo "2395"]
[EventDate "1984.02.12"]
[PlyCount "67"]

1.e4 e5 2.Nf3 Nc6 3.Bb5 a6 4.Ba4 Nf6 5.O-O d6 6.Re1 b5 7.Bb3 Na5 8.d4 Nxb3
9.axb3 Bb7 10.dxe5 Nxe4 11.exd6 Bxd6 12.Qd4 O-O 13.Rxe4 f5 14.Re6 Bxf3 15.
Rxd6 Qe8 16.gxf3 cxd6 17.Bd2 f4 18.Nc3 Rf5 19.Bxf4 Qh5 20.Bg3 Re8 21.Qg4 
d5 22.Qxh5 Rxh5 23.Rxa6 Re1+ 24.Kg2 Rc1 25.Ra5 d4 26.Nxb5 Rxc2 27.Nxd4 
Rxf2+ 28.Kxf2 Rxa5 29.Ke3 Ra2 30.b4 Rxb2 31.b5 Kf7 32.Kd3 Ke7 33.Kc3 Rb1 
34.Kc2 1-0

[Event "41st POL-ch"]
[Site "Poznan POL"]
[Date "1984.02.??"]
[Round "6"]
[White "Szymczak, Zbigniew"]
[Black "Swic, Waldemar"]
[Result "1/2-1/2"]
[WhiteElo "2355"]
[BlackElo "2365"]
[EventDate "1984.02.12"]
[PlyCount "42"]

1.e4 e5 2.Nf3 Nc6 3.Bb5 a6 4.Ba4 Nf6 5.O-O Be7 6.Re1 b5 7.Bb3 d6 8.c3 O-O 
9.h3 Nb8 10.d3 Nbd7 11.Nbd2 Bb7 12.Nf1 Nc5 13.Bc2 Re8 14.Ng3 Bf8 15.b4 
Ncd7 16.d4 a5 17.Bd2 axb4 18.cxb4 exd4 19.Nxd4 d5 20.exd5 Rxe1+ 21.Qxe1 
Bxd5 1/2-1/2

[Event "41st POL-ch"]
[Site "Poznan POL"]
[Date "1984.02.??"]
[Round "6"]
[White "Sydor, Andrzej"]
[Black "Dejkalo, Stefan"]
[Result "0-1"]
[WhiteElo "2395"]
[BlackElo "2335"]
[EventDate "1984.02.12"]
[PlyCount "67"]

1.d4 Nf6 2.Nf3 e6 3.e3 b6 4.Bd3 Bb7 5.O-O c5 6.b3 Be7 7.Bb2 O-O 8.Nbd2 Nc6
9.c4 cxd4 10.exd4 d5 11.Rc1 Rc8 12.Re1 Re8 13.Ne5 dxc4 14.Nxc6 Bxc6 15.
bxc4 Qd7 16.Nf3 Qb7 17.Ne5 Bxg2 18.d5 exd5 19.Bf5 dxc4 20.Ng4 Bh1 21.Ne3 
Rcd8 22.Qc2 b5 23.Bc3 Bf3 24.Bh3 Be4 25.Qb2 b4 26.Be5 c3 27.Qb3 Qb5 28.Bg3
Bd3 29.Ng2 Bc4 30.Qb1 Rd2 31.Re5 Qa4 32.Rce1 c2 33.Qc1 Rd1 34.Qe3 0-1

[Event "41st POL-ch"]
[Site "Poznan POL"]
[Date "1984.02.??"]
[Round "6"]
[White "Sznapik, Aleksander"]
[Black "Adamski, Jan"]
[Result "1/2-1/2"]
[WhiteElo "2460"]
[BlackElo "2460"]
[EventDate "1984.02.12"]
[PlyCount "24"]

1.e4 c5 2.Nf3 d6 3.d4 cxd4 4.Nxd4 Nf6 5.Nc3 a6 6.a4 e6 7.Be2 Qc7 8.O-O b6 
9.f4 Bb7 10.Bd3 Nbd7 11.Qe2 Be7 12.Bd2 Nc5 1/2-1/2

[Event "41st POL-ch"]
[Site "Poznan POL"]
[Date "1984.02.??"]
[Round "6"]
[White "Staniszewski, Piotr"]
[Black "Nowak, Ignacy"]
[Result "1/2-1/2"]
[WhiteElo "2405"]
[BlackElo "2360"]
[EventDate "1984.02.12"]
[PlyCount "50"]

1.d4 Nf6 2.c4 g6 3.Nc3 Bg7 4.e4 d6 5.Nf3 O-O 6.Be3 e5 7.Be2 Nc6 8.d5 Ne7 
9.Nd2 c5 10.g4 Nxg4 11.Bxg4 f5 12.Bf3 f4 13.Bxc5 dxc5 14.Bg4 f3 15.Rg1 
Bxg4 16.Rxg4 Nc8 17.Nxf3 Qf6 18.Rg3 Nd6 19.Qd3 Bh6 20.h4 Kh8 21.Ke2 a6 22.
a4 b6 23.Rb1 Rae8 24.Kf1 Qf4 25.Qe2 Re7 1/2-1/2

[Event "41st POL-ch"]
[Site "Poznan POL"]
[Date "1984.02.??"]
[Round "6"]
[White "Zolnierowicz, Krzysztof"]
[Black "Balicki, Cezary"]
[Result "1/2-1/2"]
[WhiteElo "2330"]
[BlackElo "2230"]
[EventDate "1984.02.12"]
[PlyCount "107"]

1.Nf3 Nf6 2.c4 e6 3.g3 b6 4.Bg2 Bb7 5.O-O c5 6.Nc3 Be7 7.d4 cxd4 8.Qxd4 d6
9.Bg5 a6 10.Bxf6 Bxf6 11.Qf4 O-O 12.Rfd1 Be7 13.Ne4 Bxe4 14.Qxe4 Ra7 15.
Nd4 Rd7 16.Rd2 Qc7 17.b3 Rfd8 18.Qd3 Bf6 19.Rad1 Qc5 20.Qb1 b5 21.b4 Qb6 
22.Qd3 bxc4 23.Qxc4 d5 24.Qb3 Rc7 25.e3 Nc6 26.Nxc6 Rxc6 27.Bf1 Rdc8 28.
Bxa6 Rc3 29.Qa4 Ra8 30.b5 Ra7 31.Qf4 e5 32.Qg4 d4 33.exd4 exd4 34.Re2 g6 
35.a4 Kg7 36.Ra2 h5 37.Qf4 h4 38.Qg4 hxg3 39.hxg3 d3 40.Rad2 Bd4 41.Qf3 
Ra3 42.Rxd3 Rxa4 43.Qf4 Rd7 44.Kg2 Rb4 45.Qe4 Rd6 46.Bc8 Qc5 47.Qe8 Rf6 
48.R3d2 Qd5+ 49.Kh2 Qh5+ 50.Bh3 Bxf2 51.Rd8 Bxg3+ 52.Kg1 Bf2+ 53.Kh2 Bg3+ 
54.Kg1 1/2-1/2

[Event "41st POL-ch"]
[Site "Poznan POL"]
[Date "1984.02.??"]
[Round "6"]
[White "Stempin, Pawel"]
[Black "Ksieski, Zbigniew"]
[Result "1-0"]
[WhiteElo "2400"]
[BlackElo "2400"]
[EventDate "1984.02.12"]
[PlyCount "101"]

1.d4 Nf6 2.c4 e6 3.Nc3 Bb4 4.Qc2 O-O 5.a3 Bxc3+ 6.Qxc3 b6 7.Bg5 Bb7 8.e3 
c5 9.f3 h6 10.Bh4 cxd4 11.Qxd4 Nc6 12.Qd6 Rc8 13.Rc1 Ne8 14.Qxf8+ Kxf8 15.
Bxd8 Nxd8 16.Ne2 Nc6 17.Nd4 Ne5 18.Kd2 f5 19.Be2 Nd6 20.b3 Ke7 21.Rc3 g5 
22.Rhc1 g4 23.c5 bxc5 24.Rxc5 Rxc5 25.Rxc5 gxf3 26.gxf3 Nxf3+ 27.Bxf3 Bxf3
28.Ra5 Bd5 29.Rxa7 e5 30.Ra5 Ne4+ 31.Ke1 Nf6 32.Nxf5+ Ke6 33.Nxh6 Bxb3 34.
Ra6+ d6 35.a4 Bc4 36.Ra7 d5 37.a5 Ne4 38.Rb7 Kd6 39.Nf7+ Ke6 40.h4 Nc5 41.
Rc7 Na6 42.Nd8+ Kf5 43.Rf7+ Ke4 44.h5 Kxe3 45.h6 Nb4 46.h7 Nd3+ 47.Kf1 
Nf4+ 48.Kg1 Ng6 49.Rg7 Nh8 50.Nf7 d4 51.Nxe5 1-0

[Event "41st POL-ch"]
[Site "Poznan POL"]
[Date "1984.02.??"]
[Round "6"]
[White "Bany, Jerzy"]
[Black "Schmidt, Wlodzimierz"]
[Result "1/2-1/2"]
[WhiteElo "2430"]
[BlackElo "2485"]
[EventDate "1984.02.12"]
[PlyCount "32"]

1.Nf3 Nf6 2.g3 c5 3.c4 g6 4.Bg2 Bg7 5.O-O O-O 6.Nc3 Nc6 7.d4 cxd4 8.Nxd4 
Nxd4 9.Qxd4 d6 10.Qd3 a6 11.Bd2 Rb8 12.Rac1 Nd7 13.b3 Nc5 14.Qe3 b5 15.Nd5
Be6 16.Bc3 Bxc3 1/2-1/2

[Event "41st POL-ch"]
[Site "Poznan POL"]
[Date "1984.02.??"]
[Round "6"]
[White "Flis, Jacek"]
[Black "Pokojowczyk, Jerzy"]
[Result "1/2-1/2"]
[WhiteElo "2360"]
[BlackElo "2370"]
[EventDate "1984.02.12"]
[PlyCount "34"]

1.e4 e5 2.Nf3 Nc6 3.Bc4 Bc5 4.c3 Nf6 5.d4 exd4 6.O-O Nxe4 7.cxd4 d5 8.dxc5
dxc4 9.Qxd8+ Kxd8 10.Rd1+ Bd7 11.Be3 Kc8 12.Na3 c3 13.b3 b6 14.Rac1 Rd8 
15.Ne1 Kb7 16.f3 Nf6 17.Nb5 Be6 1/2-1/2

[Event "41st POL-ch"]
[Site "Poznan POL"]
[Date "1984.02.??"]
[Round "7"]
[White "Balicki, Cezary"]
[Black "Szymczak, Zbigniew"]
[Result "1/2-1/2"]
[WhiteElo "2230"]
[BlackElo "2355"]
[EventDate "1984.02.12"]
[PlyCount "57"]

1.d4 Nf6 2.c4 e6 3.Nf3 c5 4.d5 exd5 5.cxd5 d6 6.Nc3 g6 7.Bf4 a6 8.a4 Bg7 
9.e4 Bg4 10.Be2 O-O 11.O-O Re8 12.Nd2 Bxe2 13.Qxe2 Nh5 14.Be3 Nd7 15.g4 
Nhf6 16.f3 b5 17.axb5 axb5 18.Rxa8 Qxa8 19.Qxb5 Ne5 20.Kg2 h5 21.g5 Nfd7 
22.Qe2 Rb8 23.Rb1 f6 24.h3 fxg5 25.Bxg5 Rb4 26.Be3 Nb6 27.Bf2 Bh6 28.Be3 
Bg7 29.Bf2 1/2-1/2

[Event "41st POL-ch"]
[Site "Poznan POL"]
[Date "1984.02.??"]
[Round "7"]
[White "Pokojowczyk, Jerzy"]
[Black "Bany, Jerzy"]
[Result "0-1"]
[WhiteElo "2370"]
[BlackElo "2430"]
[EventDate "1984.02.12"]
[PlyCount "66"]

1.e4 e6 2.d4 d5 3.Nd2 c5 4.exd5 exd5 5.Ngf3 Nc6 6.Bb5 Bd6 7.O-O Ne7 8.dxc5
Bxc5 9.Nb3 Bd6 10.Re1 O-O 11.Bg5 a6 12.Be2 Qc7 13.c3 Bg4 14.h3 Bh5 15.Bxe7
Nxe7 16.Nfd4 Bg6 17.Bd3 Rad8 18.Qf3 Nc6 19.Nxc6 bxc6 20.Bxa6 c5 21.Bb5 Qb6
22.a4 Bc7 23.Nd2 Rd6 24.Nf1 c4 25.Ne3 Be4 26.Nxc4 Bxf3 27.Nxb6 Rg6 28.Bf1 
Bxb6 29.a5 Ba7 30.Re7 Ra8 31.b4 Kf8 32.Rc7 Be4 33.b5 Bb6 0-1

[Event "41st POL-ch"]
[Site "Poznan POL"]
[Date "1984.02.??"]
[Round "7"]
[White "Nowak, Ignacy"]
[Black "Sznapik, Aleksander"]
[Result "1-0"]
[WhiteElo "2360"]
[BlackElo "2460"]
[EventDate "1984.02.12"]
[PlyCount "79"]

1.Nf3 g6 2.e4 Bg7 3.d4 d6 4.Be2 Nf6 5.Nc3 O-O 6.O-O c6 7.a4 Nbd7 8.h3 e5 
9.dxe5 dxe5 10.Be3 Qe7 11.Qd3 Nh5 12.a5 Nf4 13.Qc4 Nxe2+ 14.Nxe2 Re8 15.
Ng3 Nf8 16.a6 bxa6 17.Qxc6 Bb7 18.Qa4 Ne6 19.Rfd1 Nc5 20.Bxc5 Qxc5 21.h4 
Rac8 22.c3 Qb6 23.h5 Re7 24.Ra2 Re6 25.Qa5 Rd6 26.Rxd6 Qxd6 27.Ra1 Rc4 28.
Qa2 Rc7 29.Qa4 Rc8 30.Rd1 Qb6 31.Qa2 Re8 32.Rd7 Re6 33.Ng5 Bc8 34.Rxf7 Bh6
35.Re7 Bxg5 36.Re8+ Kg7 37.Rxc8 Rf6 38.hxg6 Qxf2+ 39.Kh2 Rf8 40.Nf5+ 1-0

[Event "41st POL-ch"]
[Site "Poznan POL"]
[Date "1984.02.??"]
[Round "7"]
[White "Dejkalo, Stefan"]
[Black "Flis, Jacek"]
[Result "1/2-1/2"]
[WhiteElo "2335"]
[BlackElo "2360"]
[EventDate "1984.02.12"]
[PlyCount "51"]

1.d4 f5 2.Nf3 d6 3.g3 Nf6 4.Bg2 g6 5.O-O Bg7 6.b3 O-O 7.Bb2 c6 8.Nbd2 Bd7 
9.Re1 Na6 10.a3 Nc7 11.e4 fxe4 12.Nxe4 Nxe4 13.Rxe4 Bf5 14.Re1 Qd7 15.c4 
Rae8 16.Qd2 Bh3 17.Qd3 Bxg2 18.Kxg2 c5 19.Rad1 Ne6 20.Qe3 Nxd4 21.Nxd4 
cxd4 22.Bxd4 Bxd4 23.Rxd4 Qc6+ 24.Qe4 Qxe4+ 25.Rdxe4 Rf7 26.R1e2 1/2-1/2

[Event "41st POL-ch"]
[Site "Poznan POL"]
[Date "1984.02.??"]
[Round "7"]
[White "Adamski, Jan"]
[Black "Stempin, Pawel"]
[Result "1/2-1/2"]
[WhiteElo "2460"]
[BlackElo "2400"]
[EventDate "1984.02.12"]
[PlyCount "47"]

1.d4 Nf6 2.c4 e6 3.g3 c5 4.Nf3 cxd4 5.Nxd4 Qc7 6.Nc3 a6 7.Bg5 Be7 8.Rc1 
O-O 9.Bg2 d6 10.O-O h6 11.Be3 Nbd7 12.h3 Re8 13.Qd2 Nf8 14.Na4 Bd7 15.Qb4 
Rab8 16.Nb6 Bc6 17.Nd5 exd5 18.cxd5 Nxd5 19.Bxd5 Qd7 20.Bg2 Bxg2 21.Kxg2 
d5 22.Qa5 Rbc8 23.Rfd1 Nh7 24.Rxc8 1/2-1/2

[Event "41st POL-ch"]
[Site "Poznan POL"]
[Date "1984.02.??"]
[Round "7"]
[White "Swic, Waldemar"]
[Black "Staniszewski, Piotr"]
[Result "1/2-1/2"]
[WhiteElo "2365"]
[BlackElo "2405"]
[EventDate "1984.02.12"]
[PlyCount "46"]

1.Nf3 Nf6 2.g3 g6 3.Bg2 Bg7 4.O-O O-O 5.d3 d6 6.e4 e5 7.c3 Nbd7 8.Ng5 h6 
9.Nh3 Nh7 10.f4 exf4 11.Nxf4 Ndf6 12.h3 Ng5 13.Nd2 Re8 14.Qb3 c6 15.g4 Qc7
16.Nc4 d5 17.exd5 Nxd5 18.a4 Ne6 19.Nxd5 cxd5 20.Ne3 Nf4 21.Nxd5 Ne2+ 22.
Kh1 Ng3+ 23.Kg1 Ne2+ 1/2-1/2

[Event "41st POL-ch"]
[Site "Poznan POL"]
[Date "1984.02.??"]
[Round "7"]
[White "Schmidt, Wlodzimierz"]
[Black "Zolnierowicz, Krzysztof"]
[Result "1-0"]
[WhiteElo "2485"]
[BlackElo "2330"]
[EventDate "1984.02.12"]
[PlyCount "39"]

1.d4 Nf6 2.c4 e6 3.Nf3 b6 4.g3 Ba6 5.b3 d5 6.Bg2 dxc4 7.Ne5 c6 8.O-O cxb3 
9.Nxc6 Qc8 10.Ne7 Bxe7 11.Bxa8 bxa2 12.Rxa2 Nd5 13.Ba3 Bc4 14.Rc2 Qa6 15.
Qc1 b5 16.Bxe7 Nxe7 17.Na3 Bb3 18.Rc7 Nd7 19.Bc6 Nxc6 20.Rxc6 1-0

[Event "41st POL-ch"]
[Site "Poznan POL"]
[Date "1984.02.??"]
[Round "8"]
[White "Sznapik, Aleksander"]
[Black "Stempin, Pawel"]
[Result "1/2-1/2"]
[WhiteElo "2460"]
[BlackElo "2400"]
[EventDate "1984.02.12"]
[PlyCount "85"]

1.e4 c6 2.d4 d5 3.Nc3 dxe4 4.Nxe4 Nf6 5.Nxf6+ exf6 6.c3 Bd6 7.Bd3 O-O 8.
Qc2 Re8+ 9.Ne2 h6 10.O-O Nd7 11.Bf4 Nf8 12.Bxd6 Qxd6 13.Ng3 g6 14.Ne4 Qd8 
15.Rae1 Bf5 16.Re3 Kg7 17.Rfe1 Bxe4 18.Bxe4 Qd7 19.Qa4 Qd6 20.Bf3 Rxe3 21.
Rxe3 Ne6 22.g3 f5 23.Qb3 Rb8 24.d5 f4 25.Rd3 Ng5 26.Bg2 Qe5 27.Qd1 cxd5 
28.Rxd5 Qf6 29.Qd4 Re8 30.h4 Re1+ 31.Kh2 Ne6 32.Qd2 Ra1 33.Rd7 g5 34.Qe2 
fxg3+ 35.fxg3 Nf4 36.Qf2 Nxg2 37.Qxg2 Rxa2 38.Rxb7 Ra5 39.Rd7 Rf5 40.Rd2 
gxh4 41.gxh4+ Kh8 42.Qa8+ Kh7 43.Qe4 1/2-1/2

[Event "41st POL-ch"]
[Site "Poznan POL"]
[Date "1984.02.??"]
[Round "8"]
[White "Nowak, Ignacy"]
[Black "Swic, Waldemar"]
[Result "1-0"]
[WhiteElo "2360"]
[BlackElo "2365"]
[EventDate "1984.02.12"]
[PlyCount "92"]

1.Nf3 Nf6 2.c4 g6 3.Nc3 d5 4.d4 Bg7 5.cxd5 Nxd5 6.e4 Nxc3 7.bxc3 c5 8.Rb1 
O-O 9.Be2 Qa5 10.O-O Qxa2 11.Bg5 Qe6 12.e5 Rd8 13.Qa4 Qc6 14.Qa3 Qc7 15.
Rfe1 Be6 16.Qxc5 Qxc5 17.dxc5 Nc6 18.Rxb7 h6 19.Be3 Bd5 20.c4 Be4 21.Nd2 
Bd3 22.f4 Bxe2 23.Rxe2 f6 24.exf6 exf6 25.Ne4 Rab8 26.Rc7 Rbc8 27.Rxc8 
Rxc8 28.Nd6 Rb8 29.f5 g5 30.Ra2 a5 31.Kf2 Bf8 32.Bd2 Be7 33.Bc3 Bd8 34.Ke3
Rb3 35.Kd2 Rb1 36.Ra1 Rxa1 37.Bxa1 a4 38.Bc3 Ba5 39.Nb5 Kf7 40.Bxa5 Nxa5 
41.Kc3 Nc6 42.Nd4 Ne5 43.Kb4 Ke7 44.Kxa4 Nxc4 45.Kb5 Ne3 46.g3 Kd7 1-0

[Event "41st POL-ch"]
[Site "Poznan POL"]
[Date "1984.02.??"]
[Round "8"]
[White "Sydor, Andrzej"]
[Black "Adamski, Jan"]
[Result "1/2-1/2"]
[WhiteElo "2395"]
[BlackElo "2460"]
[EventDate "1984.02.12"]
[PlyCount "22"]

1.d4 Nf6 2.Nf3 e6 3.e3 d5 4.Bd3 Nbd7 5.b3 b6 6.O-O Bb7 7.Bb2 c5 8.Ne5 Nxe5
9.dxe5 Nd7 10.Nd2 g6 11.f4 Bg7 1/2-1/2

[Event "41st POL-ch"]
[Site "Poznan POL"]
[Date "1984.02.??"]
[Round "8"]
[White "Bany, Jerzy"]
[Black "Dejkalo, Stefan"]
[Result "1/2-1/2"]
[WhiteElo "2430"]
[BlackElo "2335"]
[EventDate "1984.02.12"]
[PlyCount "46"]

1.Nf3 Nf6 2.c4 e6 3.g3 b6 4.Bg2 Bb7 5.O-O Be7 6.b3 O-O 7.Bb2 d5 8.Qc2 c5 
9.cxd5 Nxd5 10.d4 Nd7 11.Nc3 Rc8 12.Nxd5 Bxd5 13.e4 cxd4 14.Qe2 d3 15.Qxd3
Nc5 16.Qd4 Bf6 17.e5 Be7 18.Qe3 Qd7 19.Rfd1 Qb7 20.Bd4 h6 21.h4 Na6 22.Qe2
Rc7 23.Be3 Nb4 1/2-1/2

[Event "41st POL-ch"]
[Site "Poznan POL"]
[Date "1984.02.??"]
[Round "8"]
[White "Staniszewski, Piotr"]
[Black "Balicki, Cezary"]
[Result "1-0"]
[WhiteElo "2405"]
[BlackElo "2230"]
[EventDate "1984.02.12"]
[PlyCount "41"]

1.d4 Nf6 2.c4 e6 3.g3 c5 4.d5 exd5 5.cxd5 d6 6.Nc3 g6 7.Nf3 Bg7 8.Nd2 O-O 
9.Nc4 Na6 10.Bg2 Nc7 11.a4 b6 12.Nxd6 Qxd6 13.Bf4 Qd7 14.d6 Ne6 15.Bxa8 
Nxf4 16.gxf4 Nh5 17.Qd2 Bh6 18.e3 Qf5 19.Be4 Qe6 20.Qd5 Qg4 21.Bf3 1-0

[Event "41st POL-ch"]
[Site "Poznan POL"]
[Date "1984.02.??"]
[Round "8"]
[White "Flis, Jacek"]
[Black "Ksieski, Zbigniew"]
[Result "1-0"]
[WhiteElo "2360"]
[BlackElo "2400"]
[EventDate "1984.02.12"]
[PlyCount "51"]

1.e4 c5 2.Nf3 d6 3.d4 cxd4 4.Nxd4 Nf6 5.Nc3 Nc6 6.Bc4 e6 7.Be3 a6 8.Qe2 
Be7 9.O-O-O Qc7 10.Rhg1 O-O 11.g4 Nxe4 12.Nxe4 d5 13.Bd3 dxe4 14.Bxe4 e5 
15.Nf5 Be6 16.Qf3 Rac8 17.Qh3 g6 18.Qh6 Bf6 19.Rg3 Rfd8 20.Rxd8+ Qxd8 21.
Rh3 gxf5 22.gxf5 Bxa2 23.Rg3+ Kh8 24.Bb6 Qe7 25.Bc5 Qd8 26.Bf8 1-0

[Event "41st POL-ch"]
[Site "Poznan POL"]
[Date "1984.02.??"]
[Round "9"]
[White "Dejkalo, Stefan"]
[Black "Zolnierowicz, Krzysztof"]
[Result "1-0"]
[WhiteElo "2335"]
[BlackElo "2330"]
[EventDate "1984.02.12"]
[PlyCount "91"]

1.d4 Nf6 2.c4 e6 3.Nf3 b6 4.g3 Bb7 5.Bg2 Be7 6.Nc3 O-O 7.O-O Ne4 8.Bd2 f5 
9.Rc1 Bf6 10.d5 Qe7 11.Ne1 Bxc3 12.Bxc3 exd5 13.cxd5 Qf7 14.f3 Nxc3 15.
Rxc3 Qxd5 16.Qxd5+ Bxd5 17.Rxc7 f4 18.Nd3 a5 19.Rc3 fxg3 20.hxg3 Bxa2 21.
b3 b5 22.f4 Nc6 23.Bd5+ Kh8 24.Rc2 Bxb3 25.Bxb3 Nd4 26.Rb2 a4 27.Bd5 Ra5 
28.Nb4 a3 29.Rd2 Nf5 30.Kf2 Ra4 31.Rb1 Nd6 32.Kf3 Rb8 33.Na2 g5 34.Bb3 Ne4
35.Rd5 g4+ 36.Ke3 Nf6 37.Bxa4 Nxd5+ 38.Kd4 Ne7 39.Bc2 b4 40.e4 Kg7 41.Kd3 
d5 42.Rxb4 Rxb4 43.Nxb4 dxe4+ 44.Kxe4 Kg6 45.Ke5+ Kh5 46.Bb3 1-0

[Event "41st POL-ch"]
[Site "Poznan POL"]
[Date "1984.02.??"]
[Round "9"]
[White "Balicki, Cezary"]
[Black "Nowak, Ignacy"]
[Result "1/2-1/2"]
[WhiteElo "2230"]
[BlackElo "2360"]
[EventDate "1984.02.12"]
[PlyCount "28"]

1.d4 Nf6 2.c4 g6 3.Nc3 Bg7 4.e4 d6 5.Nf3 O-O 6.Be3 e5 7.dxe5 dxe5 8.Qxd8 
Rxd8 9.Nd5 Rd7 10.Nxf6+ Bxf6 11.c5 Bg7 12.Bc4 Nc6 13.Bd5 Nb4 14.O-O-O Nxd5
1/2-1/2

[Event "41st POL-ch"]
[Site "Poznan POL"]
[Date "1984.02.??"]
[Round "9"]
[White "Swic, Waldemar"]
[Black "Sznapik, Aleksander"]
[Result "1/2-1/2"]
[WhiteElo "2365"]
[BlackElo "2460"]
[EventDate "1984.02.12"]
[PlyCount "80"]

1.e4 c5 2.Nf3 e6 3.d4 cxd4 4.Nxd4 Nf6 5.Nc3 d6 6.g4 h6 7.Rg1 Nc6 8.Be3 a6 
9.Qe2 Nxd4 10.Bxd4 e5 11.Be3 Be6 12.h4 Qa5 13.Bd2 Qc7 14.g5 hxg5 15.hxg5 
Nd7 16.O-O-O Rc8 17.Kb1 b5 18.Be3 Nb6 19.Bxb6 Qxb6 20.Nd5 Qa7 21.Qf3 Rh4 
22.g6 Bxd5 23.exd5 Rf4 24.gxf7+ Qxf7 25.Qa3 Rxf2 26.Bd3 Qb7 27.Bg6+ Kd8 
28.Rdf1 Rf6 29.Rxf6 gxf6 30.Be4 Kc7 31.Qf3 Be7 32.Rg7 Kb8 33.a3 Rc7 34.c3 
Qb6 35.Qg2 Ka7 36.Qg6 Qf2 37.Qh7 Qf1+ 38.Ka2 Qc4+ 39.Ka1 Bd8 40.Rxc7+ Bxc7
1/2-1/2

[Event "41st POL-ch"]
[Site "Poznan POL"]
[Date "1984.02.??"]
[Round "9"]
[White "Stempin, Pawel"]
[Black "Sydor, Andrzej"]
[Result "1/2-1/2"]
[WhiteElo "2400"]
[BlackElo "2395"]
[EventDate "1984.02.12"]
[PlyCount "93"]

1.d4 Nf6 2.c4 e6 3.Nc3 Bb4 4.e3 O-O 5.Bd3 d5 6.cxd5 exd5 7.Ne2 c5 8.a3 
cxd4 9.axb4 dxc3 10.O-O Nc6 11.b5 Ne5 12.bxc3 Bg4 13.f3 Bd7 14.Ba3 Re8 15.
Bc5 a6 16.bxa6 bxa6 17.Bxa6 Rxa6 18.Rxa6 Qc8 19.Ra5 Nc4 20.Qa1 Qc7 21.Bb4 
Nxa5 22.Qxa5 Qxa5 23.Bxa5 Rxe3 24.Nd4 Re8 25.g4 h6 26.Bb4 Be6 27.Re1 Nd7 
28.Kf2 Nb6 29.Kg3 Bd7 30.Rxe8+ Bxe8 31.Nf5 f6 32.Kf4 Ba4 33.Ke3 Kf7 34.h3 
Bd1 35.f4 h5 36.Nd6+ Ke6 37.f5+ Kd7 38.gxh5 Bxh5 39.Kd4 Bf3 40.Nb7 Kc6 41.
Nc5 Bg2 42.h4 Bh3 43.Ne6 g5 44.hxg5 fxg5 45.Ng7 Nc4 46.Be7 Nd2 47.Ke3 
1/2-1/2

[Event "41st POL-ch"]
[Site "Poznan POL"]
[Date "1984.02.??"]
[Round "9"]
[White "Adamski, Jan"]
[Black "Flis, Jacek"]
[Result "1-0"]
[WhiteElo "2460"]
[BlackElo "2360"]
[EventDate "1984.02.12"]
[PlyCount "123"]

1.d4 d5 2.c4 e6 3.Nf3 c5 4.cxd5 exd5 5.g3 Nc6 6.Bg2 Nf6 7.O-O Be7 8.Nc3 
O-O 9.b3 Ne4 10.Bb2 Bf6 11.Na4 Re8 12.Rc1 b6 13.dxc5 Bxb2 14.Nxb2 bxc5 15.
Na4 Ba6 16.Re1 c4 17.Nd2 Qf6 18.Nxe4 dxe4 19.bxc4 Rad8 20.Qb3 Nd4 21.Qa3 
Rc8 22.Nc5 Qd6 23.Qxa6 Qxc5 24.e3 Nf3+ 25.Bxf3 exf3 26.Qb5 Qa3 27.Qb3 Qa5 
28.e4 Qh5 29.Re3 h6 30.Rxf3 Rxe4 31.Re3 Rd4 32.Rd3 Re4 33.c5 Re6 34.Qb7 
Rxc5 35.Rd8+ Kh7 36.Rxc5 Qxc5 37.Qxf7 Qe5 38.Qf3 Re8 39.Qd3+ Kh8 40.Rxe8+ 
Qxe8 41.Qd5 Qe7 42.a4 Qc7 43.a5 Kh7 44.h4 Qe7 45.Kg2 Kh8 46.Kh3 Qc7 47.g4 
Qc8 48.f3 Qc7 49.g5 Qc8+ 50.Kg3 Qc7+ 51.Kg4 Qc8+ 52.Kg3 Qc7+ 53.f4 Qc3+ 
54.Kg4 Qc8+ 55.f5 hxg5 56.hxg5 a6 57.Qh1+ Kg8 58.g6 Qc4+ 59.Kg5 Kf8 60.
Qh8+ Ke7 61.Qxg7+ Kd6 62.Qf6+ 1-0

[Event "41st POL-ch"]
[Site "Poznan POL"]
[Date "1984.02.??"]
[Round "9"]
[White "Ksieski, Zbigniew"]
[Black "Bany, Jerzy"]
[Result "0-1"]
[WhiteElo "2400"]
[BlackElo "2430"]
[EventDate "1984.02.12"]
[PlyCount "54"]

1.d4 d5 2.c4 c6 3.Nf3 Nf6 4.Nc3 e6 5.Bg5 h6 6.Bxf6 Qxf6 7.a3 Nd7 8.e4 dxc4
9.Bxc4 e5 10.dxe5 Nxe5 11.Nxe5 Qxe5 12.Qb3 Qc7 13.Rd1 Bg4 14.Rd3 Bc5 15.
O-O O-O 16.Rg3 Bh5 17.Rh3 Bg6 18.Qd1 Rae8 19.Qg4 Kh8 20.Rd3 Rd8 21.g3 b5 
22.Rxd8 Rxd8 23.Be6 h5 24.Qh3 fxe6 25.Qxe6 Qd6 26.Qh3 Rf8 27.Ne2 Qd3 0-1

[Event "41st POL-ch"]
[Site "Poznan POL"]
[Date "1984.02.??"]
[Round "10"]
[White "Szymczak, Zbigniew"]
[Black "Dejkalo, Stefan"]
[Result "1-0"]
[WhiteElo "2355"]
[BlackElo "2335"]
[EventDate "1984.02.12"]
[PlyCount "105"]

1.d4 Nf6 2.c4 e6 3.Nf3 b6 4.Nc3 Bb7 5.a3 d5 6.cxd5 exd5 7.g3 Be7 8.Bg2 O-O
9.O-O Nbd7 10.Ne5 Bd6 11.Nc4 Be7 12.Ne3 c6 13.Nf5 Re8 14.Bf4 Bf8 15.Nd6 
Bxd6 16.Bxd6 Nf8 17.Bxf8 Kxf8 18.b4 Re7 19.Qb3 Qd6 20.e3 Rd8 21.Rfd1 Ne4 
22.Nxe4 dxe4 23.f3 exf3 24.Bxf3 Qf6 25.Bg2 Qg5 26.Re1 h5 27.Rad1 h4 28.
gxh4 Qxh4 29.Rf1 Kg8 30.Rf4 Qg5 31.Kh1 Rd6 32.Rdf1 Rg6 33.Qa2 Rf6 34.Rxf6 
gxf6 35.e4 Qe3 36.Qf2 Qxf2 37.Rxf2 Rd7 38.Rd2 Kf8 39.Kg1 c5 40.bxc5 bxc5 
41.d5 Ke7 42.Kf2 Kd6 43.Ke3 Rd8 44.Rf2 Ke7 45.h4 Bc8 46.Rb2 Ba6 47.Bf3 Kd6
48.Rg2 Ke5 49.Rg7 Rd7 50.h5 Rb7 51.h6 f5 52.h7 Rb2 53.Rg5 1-0

[Event "41st POL-ch"]
[Site "Poznan POL"]
[Date "1984.02.??"]
[Round "10"]
[White "Zolnierowicz, Krzysztof"]
[Black "Ksieski, Zbigniew"]
[Result "1-0"]
[WhiteElo "2330"]
[BlackElo "2400"]
[EventDate "1984.02.12"]
[PlyCount "63"]

1.e4 c5 2.Nf3 e6 3.d4 cxd4 4.Nxd4 Nc6 5.Nb5 d6 6.c4 Nf6 7.N1c3 a6 8.Na3 
Be7 9.Be2 O-O 10.O-O b6 11.Be3 Ne5 12.f4 Ned7 13.Bf3 Bb7 14.g4 h6 15.Qd2 
Qc7 16.h4 Nh7 17.g5 hxg5 18.hxg5 Qd8 19.Qh2 Re8 20.Kf2 Ndf8 21.Rh1 b5 22.
Rag1 b4 23.Rg3 bxc3 24.Rh3 Bxg5 25.fxg5 cxb2 26.Rxh7 Nxh7 27.Qxh7+ Kf8 28.
c5 Rc8 29.g6 fxg6 30.Qxg6 Qf6 31.Rh8+ Ke7 32.Bg5 1-0

[Event "41st POL-ch"]
[Site "Poznan POL"]
[Date "1984.02.??"]
[Round "10"]
[White "Sznapik, Aleksander"]
[Black "Sydor, Andrzej"]
[Result "1-0"]
[WhiteElo "2460"]
[BlackElo "2395"]
[EventDate "1984.02.12"]
[PlyCount "79"]

1.e4 e5 2.Nf3 Nc6 3.Bb5 a6 4.Ba4 Nf6 5.O-O Be7 6.Re1 b5 7.Bb3 d6 8.c3 O-O 
9.d4 Bg4 10.Be3 exd4 11.cxd4 d5 12.e5 Ne4 13.h3 Bh5 14.Nc3 Nxc3 15.bxc3 
Na5 16.Bc2 Nc4 17.g4 Bg6 18.Bf5 a5 19.Kg2 b4 20.cxb4 axb4 21.Bf4 Ra3 22.h4
Bxf5 23.gxf5 Qd7 24.Qb1 Rfa8 25.Bc1 R3a6 26.Bg5 b3 27.e6 fxe6 28.Qxb3 Bxg5
29.hxg5 exf5 30.Ne5 Nxe5 31.Rxe5 c6 32.Rae1 Ra3 33.Qd1 f4 34.Qh5 g6 35.Qh4
f3+ 36.Kg1 R3a7 37.Re6 Rf8 38.R1e3 Rb7 39.Qg3 Rb1+ 40.Kh2 1-0

[Event "41st POL-ch"]
[Site "Poznan POL"]
[Date "1984.02.??"]
[Round "10"]
[White "Nowak, Ignacy"]
[Black "Schmidt, Wlodzimierz"]
[Result "1/2-1/2"]
[WhiteElo "2360"]
[BlackElo "2485"]
[EventDate "1984.02.12"]
[PlyCount "23"]

1.c4 g6 2.e4 e5 3.Nf3 Bg7 4.d4 exd4 5.Nxd4 Nf6 6.Bd3 O-O 7.O-O Nc6 8.Nxc6 
dxc6 9.Nc3 Be6 10.Be2 Nd7 11.Bf4 Ne5 12.Qxd8 1/2-1/2